The master swing trader : (Record no. 19934)

MARC details
000 -LEADER
fixed length control field 01149nam a22002894a 4500
005 - DATE AND TIME OF LATEST TRANSACTION
control field 20040707122103.0
008 - FIXED-LENGTH DATA ELEMENTS--GENERAL INFORMATION
fixed length control field 000731s2001 nyua b 001 0 eng
010 ## - LCCN (DPL NO)
LC control number ENG-92208
020 ## - INTERNATIONAL STANDARD BOOK NUMBER
International Standard Book Number 9780070139794
Terms of availability 650.00
020 ## - INTERNATIONAL STANDARD BOOK NUMBER
International Standard Book Number 0070139792
Terms of availability 650.00
035 ## - SYSTEM CONTROL NUMBER
System control number EN-75741
037 ## - SOURCE OF ACQUISITION
Source of stock number/acquisition DBAD / PUB
040 ## - CATALOGING SOURCE
Original cataloging agency dpl
Language of cataloging English
082 ## - DEWEY DECIMAL CLASSIFICATION NUMBER
Classification number 332.645
100 ## - MAIN ENTRY--PERSONAL NAME
Personal name Farley, Alan S.
245 ## - TITLE STATEMENT
Title The master swing trader :
Remainder of title tools and techniques to profit form outstanding short-term trading opportunities /
Statement of responsibility, etc by Alan S. Farley.
260 ## - PUBLICATION, DISTRIBUTION, ETC. (IMPRINT)
Place of publication, distribution, etc New Delhi
Name of publisher, distributor, etc Tata McGraw-Hill Publishing
Date of publication, distribution, etc 2008
270 ## - ADDRESS
Address 7 West Patel Nagar,
City New Delhi
Postal code 110008
300 ## - PHYSICAL DESCRIPTION
Extent xxvii, 443 p. :
Other physical details ill. ;
Dimensions 25 cm (pbk)
500 ## - GENERAL NOTE
General note Includes bibliographical references and index.
650 ## - SUBJECT ADDED ENTRY--TOPICAL TERM
Topical term or geographic name as entry element Speculation.
650 ## - SUBJECT ADDED ENTRY--TOPICAL TERM
Topical term or geographic name as entry element Stocks
Form subdivision Charts, diagrams, etc.
650 ## - SUBJECT ADDED ENTRY--TOPICAL TERM
Topical term or geographic name as entry element Stock price forecasting.
650 ## - SUBJECT ADDED ENTRY--TOPICAL TERM
Topical term or geographic name as entry element Day trading (Securities)
942 ## - ADDED ENTRY ELEMENTS (KOHA)
Source of classification or shelving scheme Dewey Decimal Classification
Item type English Books
Classification part 332.645
Call number suffix FAR
Holdings
Withdrawn status Lost status Source of classification or shelving scheme Damaged status Not for loan Collection code Home library Current library Date acquired Source of acquisition Cost, normal purchase price Total Checkouts Full call number Barcode Date last seen Copy number Cost, replacement price Koha item type
    Dewey Decimal Classification   Not For Loan Non-fiction D.B.Act.Division D.B.Act.Division 16/12/2008 DBAD / PUB 650.00   332.645 FAR EN-75741 16/12/2008 1 650.00 English Books

© Delhi Public Library
Hit Counter
free hit counter